| 000 | 00709cam a22002653a 4500 | ||
|---|---|---|---|
| 001 | 227 | ||
| 003 | PGUSA | ||
| 005 | 20140828082945.0 | ||
| 008 | 950301s1995||||xxu|||||s|||||000 p eng d | ||
| 040 |
_aPGUSA _beng |
||
| 042 | _adc | ||
| 050 | 4 | _aPA | |
| 100 | 1 |
_aVirgil, _d-70--19 |
|
| 245 | 1 | 0 |
_aAeneidos _h[electronic resource] / _cVirgil |
| 260 |
_bProject Gutenberg, _c1995 |
||
| 506 | _aPublic domain in the USA. | ||
| 516 | _aElectronic text | ||
| 653 | _aLegends -- Rome -- Poetry | ||
| 653 | _aAeneas (Legendary character) -- Poetry | ||
| 653 | _aEpic poetry, Latin | ||
| 740 | 0 | _aAeneis | |
| 830 | 0 |
_aProject Gutenberg _v227 |
|
| 856 | 4 | 0 | _uhttp://www.gutenberg.org/ebooks/227 |
| 942 | _cEB | ||
| 999 |
_c229580 _d229580 |
||